000
00297nam a22001217a 4500
999
_c
14015
_d
14015
020
_a
97801994040025
082
_a
658
100
_a
Sadia Khan
245
_a
The Corporate Governance Landscape of Pakistan
260
_a
Pakistan
_b
Oxford University Press
_c
2017
300
_a
245 pages
942
_c
BK